| 000 | 00785nam a2200205 a 4500 | ||
|---|---|---|---|
| 001 | 000041023 | ||
| 005 | 20201002034547.0 | ||
| 008 | 130930s2001 sp 000 0 spa d | ||
| 020 | _a8400079280 | ||
| 040 |
_aDO-SdBNP _bspa _cBNPHU |
||
| 100 | 1 |
_aAquilar Gutiérrez, Miguel _967486 |
|
| 245 | 1 | 0 |
_aBioelectromagnetismo : _bcampos eléctronicos y magnécos y seres vivos / _cMiguel Aguilar Gutierrez. |
| 260 |
_aMadrid : _bConsejo Superior de Investigaciones Científicas _bInstituto de de Ciencia de Materiales, _c2001. |
||
| 300 |
_a254 p. : _bil., gráf. ; _c28 cm. |
||
| 490 | 1 |
_aTextos universitarios _v33 |
|
| 500 | _aIncluye índice | ||
| 504 | _aBibliografía | ||
| 710 | 2 |
_aConsejo Superior de Investigaciones Científicas _94786 |
|
| 830 | 0 |
_aTextos universitarios ; _n33 _967492 |
|
| 999 |
_c40513 _d40513 |
||